Ιστορία των γεωργιών του κόσμου : από τη νεολιθική εποχή στη σύγχρονη κρίση

Αποθηκεύτηκε σε:
Λεπτομέρειες βιβλιογραφικής εγγραφής
Κύριος συγγραφέας: Mazoyer, Marcel
Άλλοι συγγραφείς: Roudart, Laurence, Ροδοπούλου, Βασιλική (trlf)
Μορφή: Βιβλίο
Γλώσσα:Greek
French
Δημοσίευση: Αθήνα : Εξάντας, c2005.
Θέματα:
Ετικέτες: Προσθήκη ετικέτας
Δεν υπάρχουν, Καταχωρήστε ετικέτα πρώτοι!

MARC

LEADER 00000cam a2200000 i 4500
001 1/5923
008 100322s2005 gr | ||| |||| ||gre||
020 |a 9602566248  
035 |l 10107334 
040 |a GR-MY-UA  |b gre  |e aacr 
041 1 |a gre  |h fre 
082 7 |a 630.9   |2 (22)  
100 1 |a Mazoyer, Marcel. 
245 1 0 |a Ιστορία των γεωργιών του κόσμου :   |b από τη νεολιθική εποχή στη σύγχρονη κρίση /   |c Μαρσέλ Μαζουαγιέ, Λοράνς Ρουντάρ ; μετάφραση: Βασιλική Ροδοπούλου.  
260 |a Αθήνα :   |b Εξάντας,   |c c2005.  
300 |a 610 σ. :   |b σχέδια ;   |c 24 εκ.  
500 |a Μετάφραση του: Histoire des agricultures du monde.  
504 |a Βιβλιογραφία: σ. 587-593.  
650 0 0 |a Agriculture  |x History. 
700 1 |a Roudart, Laurence. 
700 1 |a Ροδοπούλου, Βασιλική,  |e trlf 
852 |a INST  |b LEMNOS  |e 20100322  |h 630.9 MAZ  |p 005600000402  |q 005600000402  |t BK  |y 0 
852 |a INST  |b LEMNOS  |e 20100322  |h 630.9 MAZ  |p 005600000403  |q 005600000403  |t BK  |y 0 
852 |a INST  |b LEMNOS  |c EUDOXUS  |e 20150622  |h 630.9 MAZ  |p 005600001458  |q 005600001458  |t BK  |y 0 
852 |a INST  |b LEMNOS  |c EUDOXUS  |e 20150513  |h 630.9 MAZ  |p 005600001497  |q 005600001497  |t BK  |y 0 
852 |a INST  |b LEMNOS  |c EUDOXUS  |e 20160725  |h 630.9 MAZ  |p 005600001795  |q 005600001795  |t BK  |y 0 
852 |a INST  |b LEMNOS  |c EUDOXUS  |e 20160725  |h 630.9 MAZ  |p 005600001796  |q 005600001796  |t BK  |y 0 
852 |a INST  |b LESVOS  |e 20100628  |h 630.9 MAZ  |p 005100047883  |q 005100047883  |t BK  |y 0 
852 |a INST  |b LESVOS  |e 20100628  |h 630.9 MAZ  |p 005100047884  |q 005100047884  |t BK  |y 0 
852 |a INST  |b LESVOS  |e 20100628  |h 630.9 MAZ  |p 005100047885  |q 005100047885  |t BK  |y 0 
852 |a INST  |b LESVOS  |e 20100628  |h 630.9 MAZ  |p 005100047886  |q 005100047886  |t BK  |y 0 
852 |a INST  |b LESVOS  |e 20100628  |h 630.9 MAZ  |p 005100047887  |q 005100047887  |t BK  |y 0 
852 |a INST  |b LESVOS  |e 20110712  |h 630.9 MAZ  |p 005100049799  |q 005100049799  |t BK  |y 0 
852 |a INST  |b LESVOS  |e 20110712  |h 630.9 MAZ  |p 005100049800  |q 005100049800  |t BK  |y 0 
901 |a BIBL6-2010-1 
901 |a BIBL1-2010-2 
901 |a BIBL1-2011-2 
909 |a Μ  |b 160780 
909 |a Μ  |b 160781 
909 |a Λ  |b 165692 
909 |a Λ  |b 165693 
909 |a Λ  |b 165694 
909 |a Λ  |b 165695 
909 |a Λ  |b 165696 
909 |a Λ  |b 169429 
909 |a Λ  |b 169430 
920 |a Εύδοξος  |y Λέσβος  |z 2011-04 
920 |a Εύδοξος  |b Επιστροφή  |y Λήμνος  |z 2015-04  
920 |a Εύδοξος  |b Επιστροφή  |y Λήμνος  |z 2015-06 
920 |a Εύδοξος  |b Επιστροφή  |y Λήμνος  |z 2016-07 
970 |a ΠΑΝΤΑΖΗ  |b ΑΝΤΩΝΙΑ  |z 2010/03/22